| 000 | 00893nmm a2200277 a 4500 | ||
|---|---|---|---|
| 001 | ocm0001162275 | ||
| 003 | TR-IsHL | ||
| 005 | 20201028154038.0 | ||
| 008 | 150709s2015 tu tur | ||
| 007 | cr cn | ||
| 020 | _a9786059835077 | ||
| 035 |
_a1162275 _b(N$T) |
||
| 050 | 0 | 4 |
_aBD241 _b.K34 2015 |
| 090 | 0 | 4 |
_aBD241 _b.K34 2015 |
| 100 | 1 | _aKahraman, Yakup | |
| 245 | 1 | 0 |
_aModern Türk düşüncesinde hermenötik _h[electronic resource] / _cYakup Kahraman |
| 260 |
_aİstanbul : _bTezkire Yayınları, _c2015 |
||
| 300 | _a265 p. | ||
| 500 |
_aKaynakça ve dizin var. _x |
||
| 650 | 4 | _aFelsefe, Psikoloji ve Din | |
| 650 | 4 | _aPhilosophy, Psychology and Religion | |
| 650 | 0 | _aHermenötik | |
| 650 | 0 | _aHermeneutics | |
| 650 | 7 |
_aPHILOSOPHY / Hermeneutics _2bisacsh |
|
| 856 | 4 | 0 | _uhttp://search.ebscohost.com/login.aspx?direct=true&scope=site&db=e011xww&AN=1162275 |
| 999 |
_c12369 _d12369 |
||